00623nam a22002057a 450000500170000001000130001702000230003003500130005303700160006604000120008208200170009410000200011124501090013126000450024027000390028530000320032450000200035665000150037665000260039120170124110241.0 aB-129567 c450.00a8186803807 aB-129567 bCen Lib/Ret aDPLbEN a759.954bPRA aPrakash Parimal aTreasures of Indian art heritage : cby Prakash Parimalba passage from Sindhu-Saraswati to the Ganges / aJaipurbNational Publishing House c2003 bJaipura377, Chaura Rastae302 003 axiv,106p. :c23cm(Hb)bill. aIncludes index  aArt, Indic aArt, Indic -- History